Sınırları yoklamak : (Record no. 9479)
| 000 -BAŞLIK | |
|---|---|
| Sabit Uzunluktaki Kontrol Alanı | 01951nam a22003617a 4500 |
| 001 - KONTROL NUMARASI | |
| Control Dosyası | 0009507 |
| 003 - KONTROL NUMARASI KİMLİĞİ | |
| Kontrol Alanı | KOHA_MİRAKIL |
| 005 - EN SON İŞLEM TARİHİ ve ZAMANI | |
| Kontrol Alanı | 20260207001711.0 |
| 007 - FİZİKSEL TANIM SABİT ALAN - GENEL BİLGİ | |
| Sabit uzunluklu kontrol alanı | ta |
| 008 - SABİT UZUNLUKTAKİ VERİ ÖGELERİ - GENEL BİLGİ | |
| Sabit Alan | 091021b2007 tu |||gr||||#0|||0|tur | |
| 020 ## - ISBN - ULUSLARARASI STANDART KİTAP NUMARASI | |
| Isbn | 9789754376135 |
| 040 ## - KATALOGLAMA KAYNAĞI | |
| Özgün Kataloglama Kurumu | TR-BiSEU |
| Kataloglama Dili | tur |
| Çeviri Kurumu | TR-BiSEU |
| Açıklama Kuralları | rda |
| 041 0# - DİL KODU | |
| Metin ya da ses kaydının dil kodu | tur |
| 044 ## - YAYINLAYAN/ÜRETEN KURULUŞUN ÜLKE KODU | |
| ISO country code | tu |
| 050 ## - SINIFLAMA ve YER NUMARASI | |
| Sınıflama Numarası | BL60 |
| Yer Numarası | .S83 2007 |
| 100 1# - KİŞİ ADI | |
| Yazar Adı (Kişi adı) | Subaşı, Necdet. |
| 245 1# - ESER ADI BİLDİRİMİ | |
| Başlık | Sınırları yoklamak : |
| Alt Eseradı vb. | din sosyolojisi okumaları/ |
| Sorumluluk Bildirimi | Necdet Subaşı ; Necdet Subaşı. |
| 264 #1 - ÜRERİM, YAYIN, DAĞITIM ve TELİF BİLDİRİMİ | |
| Yayın yeri | İstanbul : |
| Yayınlayan | Ötüken Neşriyat |
| Yayın tarihi | 2007 |
| 300 ## - FİZİKSEL TANIMLAMA | |
| Sayfa, Cilt vb. | 178 sayfa; 23 cm. |
| 336 ## - İÇERİK TÜRÜ | |
| Content type term | metin |
| Content type code | txt |
| Source | rdacontent |
| 337 ## - MEDYA TÜRÜ | |
| Media type term | aracısız |
| Media type code | n |
| Source | rdamedia |
| 338 ## - TAŞIYICI TÜRÜ | |
| Carrier type term | cilt |
| Carrier type code | nc |
| Source | rdacarrier |
| 490 1# - DİZİ BİLDİRİMİ | |
| Dizi Bildirimi | Yayın no ; |
| Cilt Numarası | 675. |
| 490 1# - DİZİ BİLDİRİMİ | |
| Dizi Bildirimi | Kültür Serisi ; |
| Cilt Numarası | 328 |
| 500 ## - GENEL NOT | |
| Genel Not | Kaynakça var. |
| 505 ## - İÇİNDEKİLER NOTU | |
| İçindekiler Notu | "Popüler Türk aydını üç temel özelliğiyle entelektüel açıdan tartışılıp sorgulanır, bu özellikleri onu sahici bir dünyadan uzaklaştırıp/ayrıştırır. Esasen bu niteliklere mesafe koyan, ya da bu sıyrılmayı başaran aydınları da söz konusu kategori içine hapsetmek gereksizdir. Aydınlarımız muğlâktır, çünkü kapalı ve adeta kilitlidirler. Zor anlaşılır ve karışıktırlar. Söylediklerinin çoğu belirsizliğe mahkûmdur, içeriği kuşkuya yol açar, anlaşılmazlık bariz karakterleridir. Ancak bu belirsizlik onları mutlu eder. Müsteardırlar, çünkü duruşları iğretidir, sahici değildir. Kendi adlarıyla var olmazlar, rolleri ısmarlama ve emanettir. Bu rollerinden nasıl ve ne zaman ya da hangi koşullarda vazgeçecekleri, yeni rollere nasıl adapte olacakları merak konusudur. Sonuçta muğlâk ve müstear olmak, aydını mürtet yapmaya yeter." |
| 650 #0 - KONU BAŞLIĞI EK GİRİŞ - KONU TERİMİ | |
| Konusal terim veya coğrafi ad | Din Sosyolojisi. |
| 9 (RLIN) | 23533 |
| 650 #0 - KONU BAŞLIĞI EK GİRİŞ - KONU TERİMİ | |
| Konusal terim veya coğrafi ad | Religion and sociology. |
| 9 (RLIN) | 10706 |
| 830 1# - SERİ EK GİRİŞİ - TEKBİÇİM ESER ADI | |
| Tekbiçim Başlık | Yayın no ; |
| Volume number/sequential designation | 675. |
| 9 (RLIN) | 1619 |
| 830 1# - SERİ EK GİRİŞİ - TEKBİÇİM ESER ADI | |
| Tekbiçim Başlık | Kültür Serisi ; |
| Volume number/sequential designation | 328 |
| 9 (RLIN) | 6554 |
| 907 ## - LOCAL DATA ELEMENT G, LDG (RLIN) | |
| a | Okuma Kitabı |
| 942 ## - EK GİRİŞ ÖGELERİ (KOHA) | |
| Source of classification or shelving scheme | Library of Congress Classification |
| Koha item type | Book |
| Materyal Türü | Kalıcı Konum | Mevcut Konum | Raf Yeri | Sınıflandırma Kaynağı | Edinim Bilgisi | Ana Konular | Alt Konular | Yer Numarası | Demirbaş Numarası | Fatura Tarihi | Maliyet, Alış Fiyatı | Maliyet, Yenileme Fiyatı | Geri Çekilme Durumu | Kayıp Durumu | Hasarlı Durumu | Kredi için değil | Kayıt Tarih | Toplam Ödünçverme | Son Görülme Tarihi | Son Kontrol Tarihi | Genel / Bağış Notu |
|---|---|---|---|---|---|---|---|---|---|---|---|---|---|---|---|---|---|---|---|---|---|
| Book | Prof. Dr. Azmi Özcan Kütüphanesi | Prof. Dr. Azmi Özcan Kütüphanesi | Uluğbey Salonu | Library of Congress Classification | Bağış | FELSEFE, PSİKOLOJİ, DİN | Dinler, Mitoloji, Rasyonalizm | BL60 .S83 2007 | 0009507 | 13/08/2010 | 12.00 | 12.00 | 21/10/2009 | 05/12/2024 | 05/12/2024 | Ötüken Yayınevi |
